Quizzes
Events
Quiz Creation
Community
Videos
Private Events
Remove Ads
Sign In
Join for FREE
Feedback
Dark Mode
Quiz Categories
Sports
Geography
Music
Movies
Television
Just For Fun
Miscellaneous
History
Literature
Language
Science
Gaming
Entertainment
Religion
Holiday
For Kids
Quiz Lab
Recent
Popular Today
Quiz Kudos Today
Editor Picks
Curator Picks
Quizzes by...
Day
Popularity
Type
Ratings
Length
Year
Community
Subscriptions
Recent Discussions
Orange Saloon
Badges
Playlists
Quests
Create
Leaderboards
Showdown
Live 5
Trivia Bingo
Activity
Puzzle Library
Sporcle Events
Private Events
Virtual Trivia
Globe League
Become a Host
Pub Owners
SporcleCon
Opinionation
Our Games
Videos
Blog
Mobile Apps
Partnerships
Remove Ads and Go Orange
Feedback
History
US Presidents
World Leaders
Politics
Nation
Discovery
War
Decade
Year
Century
Biography
Art
History
US Presidents
World Leaders
Politics
Nation
Discovery
War
Decade
Year
Century
Biography
Art
Random Quiz
Search Sporcle
×
Quiz Lab
Quiz Lab
History
US Presidents
Type in answers that appear in a list
Type in answers that appear in a list
Classic
Best Score? Go Orange.
Congressional Gold Medal Presidents Stats
Can you name the Presidents awarded the Congressional Gold Medal?
By
Ross
9m
8 Questions
40 Plays
40 Plays
40 Plays
Comments
Comments
Give Quiz Kudos
Give Quiz Kudos
-
- Ratings
hide this ad
Replay
Link that replays current quiz
Next Quiz
Link to next quiz in quiz playlist
You Got
0%
They Got
Avg Score
86%
Avg Friend Score
Upgrade to see
Score Distribution
Jump to the score distribution portion of the page
Score
0/8
Timer
09:00
0
Plays Today
Year
President
% Correct
1776
George Washington
100%
2000
Ronald Reagan
95%
1815
Andrew Jackson
90%
1846, 1847, 1848
Zachary Taylor
85%
1998
Gerald Ford
85%
1863
Ulysses S. Grant
80%
1984
Harry Truman
80%
1818
William Henry Harrison
75%
Quiz Playlist
Details
Report
Send in Message
Add To Playlist
Classic:
Type in answers that appear in a list
Last Updated: Feb 16, 2017
Quiz Scoreboard
CHALLENGE
Sign Up to Join the Scoreboard
Show All
Scores
Hide
Comments
May contain spoilers
Recently Published
Pick 6: Fruits
by JohnFran
Miscellaneous
15s
Click the 1999 NBA Draft
by nibperrychub
Sports
2m
Alphabetical 'K' Countries by Flag Minefield
by ylime102
Geography
3m
More to Explore
Quiz From the Vault
Featured Blog Post
15 Basketball Trivia Facts You Can Be March Mad About
hide this ad
You Might Also Like...
Tags
US Presidents Quiz
congress
Gold Medal
Medal
Today's Top Quizzes in History
Browse History
hide this ad
Today's Top Quizzes in US Presidents
Browse US Presidents
Top Contributed Quizzes in History
1
George Washington, This Is Your Life
2
Julius Caesar, This Is Your Life
3
Harriet Tubman, This Is Your Life
4
John F. Kennedy, This Is Your Life
5
Joseph Stalin, This Is Your Life
6
I Am Born On March 18th
7
John Adams, This Is Your Life
8
Jimmy Carter, This Is Your Life
9
Ancient Greece Key Terms
10
Hungarian Territorial Losses (1920)
Explore More
Trending Topics
Harry Potter
Crossword
Disney
Anime
NBA
Kpop
Marvel
Soccer
NFL
WWE
Puzzle
Pokémon
Song
The Office
Country
hide this ad
More By:
Ross
Quiz
Plays
Rating
Category
Featured
Created
Living Presidential Nominees
30,335
4.58
History
Jan 4, 2015
Audrey Hepburn Movies
18,510
4.04
Movies
Sep 29, 2009
Mars Surface Missions
17,752
4.34
Science
Sep 29, 2009
Time's 100 Best Movies
816
2.22
Movies
Sep 28, 2009
100 Greatest Works of Literature
432
1.63
Literature
Jan 25, 2016
Go to Creator's Profile
Score Distribution
Quiz Creator Spotlight
Ross
Follow
Send a Message
Quizzes Created
-
Created Quiz Play Count
-
More By This Creator
Popular Quizzes Today
1
Find the US States - No Outlines Minefield
2
Countries of Asia Without Outlines Minefield
3
Pick 6: Fruits
4
Alphabetical 'K' Countries by Flag Minefield
5
The Countries of the World
6
Click the 1999 NBA Draft
7
Match the Book to the Film X
8
Find the US States
More History Quizzes
US Presidents by Cushion
Published
Trending Quizzes
Pick 6: Harry Potter
Pick 6: Mountains
Pick 6: NFL Teams
Pick 6: Golfers
Pick 6: Movie Franchises
Recently Updated
Women's Final Four Teams by Year
bhenderson79
Presidents Quartet II
eogle
Anything But Clue(do)
eogle
Anything But Oceanian Capitals
eogle
Anything But 7
eogle
Anything But Thing
eogle
Word Ladder: February 29
pecheneg
Song Title Questions
pecheneg
Women's NCAA Tournament #1 Seeds
pecheneg
Celebrity Mug Shots
pecheneg
Trending Topics
Harry Potter
Disney
Crossword
Anime
Kpop
Marvel
NBA
WWE
Pokémon
Soccer
Puzzle
NFL
The Office
Song
Country
Your Account Isn't Verified!
In order to create a playlist on Sporcle, you need to verify the email address you used during registration. Go to your
Sporcle Settings
to finish the process.
Report this User
Report this user for behavior that violates our
Community Guidelines
.
Details:
Send Report
Go to the Sporcle.com Mobile Site →
Comments